000
00318nam a2200133Ia 4500
008
230917s9999||||xx |||||||||||||| ||und||
040
_e
94750
_a
MAIN
041
_a
English
082
_a
616.5 R922G
100
_a
Rustagi, Archana
245
0
_a
Gamma-lutamul transpeptidase in leprosy
300
_a
65 p.
942
_c
TH
999
_c
72025
_d
72025